La prudencia.

Salvato in:
Dettagli Bibliografici
Autore principale: Pieper, Josef (autor)
Altri autori: Garrido, Manuel (traducción), Melches, Carlos (traducción)
Natura: Libro
Lingua:inglese
Pubblicazione: Madrid, España: Ediciones Rialp, 1957.
Serie:Biblioteca del Pensamiento Actual, 73.
Soggetti:
Tags: Aggiungi Tag
Nessun Tag, puoi essere il primo ad aggiungerne!!

MARC

LEADER 00000nam a22000007a 4500
003 CL-VaPUC
005 20220822114439.0
008 220323t1957 ||||| |||| 00| 0 eng d
999 |c 435061  |d 435059 
040 |c Pontificia Universidad Católica de Valparaíso 
082 7 |a 241.4 PIE 1957  |2 22 
100 |a Pieper, Josef   |9 520990  |e autor 
245 |a La prudencia.  
260 |a Madrid, España:   |b Ediciones Rialp,   |c 1957.  
300 |a 155 páginas.  
490 |a Biblioteca del Pensamiento Actual,   |v  73.  
500 |a c.1 Donación Familia Prof. Alejandro Guzmán Brito. 
583 |c 20220323  |k Yessy Stephany Diaz Vidal 
650 0 |a Prudencia  |9 392150 
650 0 |a Virtudes  |9 309526 
700 |a Garrido, Manuel   |9 867600  |e traducción  
700 |a Melches, Carlos   |9 867601  |e traducción  
942 |2 ddc  |c BK  |n 0 
952 |0 0  |1 0  |2 ddc  |4 0  |6 241_400000000000000_PIE_1957  |7 0  |8 C_AGB  |9 582089  |a BIBDER  |b BIBDER  |d 2022-03-23  |e Donación   |i 5650334  |o 241.4 PIE 1957  |p 5650334  |r 2023-01-25  |t 1  |w 2022-03-23  |y BK_US  |k AGB